Hints For Self Culture (Record no. 6526)
[ view plain ]
| 000 -LEADER | |
|---|---|
| fixed length control field | 00332nam a2200145Ia 4500 |
| 003 - CONTROL NUMBER IDENTIFIER | |
| control field | OSt |
| 008 - FIXED-LENGTH DATA ELEMENTS--GENERAL INFORMATION | |
| fixed length control field | 191201s2002 xx 000 0 und d |
| 082 ## - DEWEY DECIMAL CLASSIFICATION NUMBER | |
| Classification number | 158.1 |
| Item number | HAH |
| 100 ## - MAIN ENTRY--PERSONAL NAME | |
| Personal name | HARDAYAL |
| 245 #0 - TITLE STATEMENT | |
| Title | Hints For Self Culture |
| 260 ## - PUBLICATION, DISTRIBUTION, ETC. (IMPRINT) | |
| Place of publication, distribution, etc | New Delhi |
| Name of publisher, distributor, etc | Khosla Pub |
| Date of publication, distribution, etc | 2002 |
| 300 ## - PHYSICAL DESCRIPTION | |
| Extent | 366 |
| 650 ## - SUBJECT ADDED ENTRY--TOPICAL TERM | |
| Topical term or geographic name as entry element | General Books |
| 942 ## - ADDED ENTRY ELEMENTS (KOHA) | |
| Source of classification or shelving scheme | Dewey Decimal Classification |
| Koha item type | Text Books |
| Withdrawn status | Lost status | Source of classification or shelving scheme | Damaged status | Not for loan | Collection code | Home library | Current library | Shelving location | Date acquired | Source of acquisition | Cost, normal purchase price | Bill Number | Total Checkouts | Full call number | Acc. no. / Barcode | Checked out | Date last seen | Date last borrowed | Actual Cost, discounted price | Bill Date | Koha item type | Public note |
|---|---|---|---|---|---|---|---|---|---|---|---|---|---|---|---|---|---|---|---|---|---|---|
| Dewey Decimal Classification | GENERAL | PIET C-LIBRARY | PIET C-LIBRARY | Ref. Sec. R02 | 05/05/2016 | Khosla Pub | 150.00 | IN4072 | 4 | 158.1 HAH | 28297 | 27/05/2025 | 08/11/2024 | 08/11/2024 | 112.50 | 30/05/2016 | Text Books | History and Culture | ||||
| Dewey Decimal Classification | GENERAL | PIET C-LIBRARY | PIET C-LIBRARY | Ref. Sec. R02 | 05/05/2016 | Khosla Pub | 150.00 | IN4072 | 158.1 HAH | 28298 | 04/12/2019 | 112.50 | 30/05/2016 | Text Books | History and Culture | |||||||
| Dewey Decimal Classification | GENERAL | PIET C-LIBRARY | PIET C-LIBRARY | Ref. Sec. R02 | 05/05/2016 | Khosla Pub | 150.00 | IN4072 | 158.1 HAH | 28299 | 04/12/2019 | 112.50 | 30/05/2016 | Text Books | ||||||||
| Dewey Decimal Classification | GENERAL | PIET C-LIBRARY | PIET C-LIBRARY | Ref. Sec. R02 | 05/05/2016 | Khosla Pub | 150.00 | IN4072 | 1 | 158.1 HAH | 28300 | 05/03/2026 | 23/02/2026 | 112.50 | 30/05/2016 | Text Books | History and Culture | |||||
| Dewey Decimal Classification | GENERAL | PIET C-LIBRARY | PIET C-LIBRARY | Ref. Sec. R02 | 05/05/2016 | Khosla Pub | 150.00 | IN4072 | 4 | 158.1 HAH | 28301 | 24/01/2026 | 23/01/2026 | 112.50 | 30/05/2016 | Text Books | History and Culture |